Central Library OPAC University of Rajshahi

Report of the Pakistan agricultural inquiry committee, 1951-1952 / (Record no. 73613)

MARC details
000 -LEADER
fixed length control field 00639nam a2200205 a 4500
001 - CONTROL NUMBER
control field 73613
003 - CONTROL NUMBER IDENTIFIER
rucl marc code BD-RjUL
005 - DATE AND TIME OF LATEST TRANSACTION
control field 20211209082422.0
008 - FIXED-LENGTH DATA ELEMENTS--GENERAL INFORMATION
fixed length control field 170605s1952 pk a|||| |||| 00| 0 eng d
035 ## - SYSTEM CONTROL NUMBER
System control number (BD-RjUL)73831
040 ## - CATALOGING SOURCE
Original cataloging agency BD-RjUL
Language of cataloging eng
Transcribing agency BD-RjUL
Modifying agency BD-RjUL
041 ## - LANGUAGE CODE
Language code of text/sound track or separate title eng
082 ## - DEWEY DECIMAL CLASSIFICATION NUMBER
Edition number 23
Classification number 630.95491
Author mark and year REP 1952
110 ## - MAIN ENTRY--CORPORATE NAME
Corporate name or jurisdiction name as entry element Manager of Publications
9 (RLIN) 217861
245 ## - TITLE STATEMENT
Title Report of the Pakistan agricultural inquiry committee, 1951-1952 /
Statement of responsibility, etc. Manager of Publications
260 ## - PUBLICATION, DISTRIBUTION, ETC. (IMPRINT)
Place of publication, distribution, etc. Karachi :
Name of publisher, distributor, etc. Inter services press,
Date of publication, distribution, etc. 1952.
300 ## - PHYSICAL DESCRIPTION
Pagination i,159 p. :
Illustrations ill. ;
Size 22 cm.
650 ## - SUBJECT ADDED ENTRY--TOPICAL TERM
Topical term or geographic name as entry element Agriculture
General subdivision Pakistan
9 (RLIN) 217862
942 ## - ADDED ENTRY ELEMENTS (KOHA)
Source of classification or shelving scheme Dewey Decimal Classification
Koha item type Books
Holdings
Lost status Source of classification or shelving scheme Damaged status Not for loan Collection code Permanent Location Current Location Shelving location Date acquired Source of acquisition Cost, normal purchase price Total Checkouts Full call number Date last seen Copy number Koha item type
  Dewey Decimal Classification   Not For Loan Non-fiction Central Library, University of Rajshahi Central Library, University of Rajshahi Reading Room 26/01/1955 C.P.B.Dacca 1.08   630.95491 REP 1952 05/06/2017 C-1 Books
  Dewey Decimal Classification     Non-fiction Central Library, University of Rajshahi Central Library, University of Rajshahi   26/01/1955 C.P.B.Dacca 1.08   630.95491 REP 1952 05/06/2017 C-2 Books
  Dewey Decimal Classification     Non-fiction Central Library, University of Rajshahi Central Library, University of Rajshahi   05/06/2017 C.P.B.Dacca 1.08   630.95491 REP 1952 05/06/2017 C-3 Books